Gibkaja rabočaja sila v Velikobritanii.

Západné práce rozdeľujú pracujúcich na dve skupiny: tradičná pracovná sila so stálou zamestnanosťou (asi 2/3 úhrnnej pracovnej sily) a pružná (nestabilná, netradičná) predstavuje asi 1/3 z celkovej pracovnej sily. Charakteristika pružnej pracovnej sily. Stála tendencia nárastu tejto skupiny, príčiny...

Descripción completa

Guardado en:
Detalles Bibliográficos
Autor principal: Daniševskaja, G.
Formato: Capítulo de libro
Lenguaje:ruso
Materias:
Etiquetas: Agregar Etiqueta
Sin Etiquetas, Sea el primero en etiquetar este registro!

MARC

LEADER 00000naa a2200000 4500
001 r005264
005 20221130103701.3
041 0 |a rus 
044 |a [SU] 
245 1 0 |a Gibkaja rabočaja sila v Velikobritanii.  |c G. Daniševskaja 
520 |a Západné práce rozdeľujú pracujúcich na dve skupiny: tradičná pracovná sila so stálou zamestnanosťou (asi 2/3 úhrnnej pracovnej sily) a pružná (nestabilná, netradičná) predstavuje asi 1/3 z celkovej pracovnej sily. Charakteristika pružnej pracovnej sily. Stála tendencia nárastu tejto skupiny, príčiny. Analýza vývoja pružnej pracovnej sily vo V. Británii. Vzťah odborov k pružnej zamestnanosti. 
610 2 0 |a sily pracovné 
610 2 0 |a zamestnanosť 
610 2 0 |a Veľká Británia 
610 2 0 |a odbory 
100 1 |a Daniševskaja, G.